[Event "Follo op"]
[Site "Follo"]
[Date "2014.10.16"]
[Round "5"]
[White "Nissen, Ulrik"]
[Black "Thowsen, Alf Geir"]
[Result "0-1"]
[WhiteElo "1134"]
[BlackElo "1195"]
[PlyCount "102"]
[EventDate "2014.09.04"]
[EventType "swiss"]
[EventRounds "9"]
[EventCountry "NOR"]
[SourceTitle "EXT 2017"]
[Source "ChessBase"]
[SourceDate "2016.10.25"]
[SourceVersion "1"]
[SourceVersionDate "2016.10.25"]
[SourceQuality "1"]

1. e4 e6 2. d4 d5 3. Nd2 c5 4. c3 Nc6 5. Ngf3 Bd7 6. Bd3 cxd4 7. Nxd4 Nxd4 8. cxd4 dxe4 9. Nxe4 Nf6 10. 0-0 Be7 11. Bf4 Bc6 12. Nxf6+ Bxf6 13. Be5 Qd5 14. Qf3 Qxf3 15. gxf3 Bxe5 16. dxe5 Bxf3 17. Bb5+ Ke7 18. Rac1 Rac8 19. Bc4 Rhd8 20. Rc3 Bc6 21. Rfc1 Rd4 22. Bb5 Rg4+ 23. Rg3 Rxg3+ 24. hxg3 a6 25. Bd3 Kd7 26. Rd1 Bd5 27. Be4 Rc5 28. b4 Rb5 29. Bxd5 Rxd5 30. Rxd5+ exd5 31. f4 Ke6 32. Kf2 g5 33. Kf3 gxf4 34. Kxf4 d4 35. Ke4 d3 36. Kxd3 Kxe5 37. Ke3 h5 38. a3 b5 39. Kd3 f5 40. Ke3 f4+ 41. gxf4+ Kf5 42. Kf3 h4 43. Ke3 h3 44. Kf3 h2 45. Kg2 Kxf4 46. Kxh2 Ke3 47. Kg3 Kd3 48. Kf4 Kc3 49. Ke4 Kb3 50. Kd4 Kxa3 51. Kc3 Ka4 0-1